|
|
|
|
| LEADER |
00000nam0a2200000 4500 |
| 001 |
150075 |
| 005 |
20231031150108.0 |
| 020 |
|
|
|a RU
|b 85-77150
|
| 035 |
|
|
|a (RuTPU)RU\TPU\book\162686
|
| 090 |
|
|
|a 150075
|
| 100 |
|
|
|a 20081225d1985 m y0rusy5003 ca
|
| 101 |
0 |
|
|a rus
|
| 102 |
|
|
|a RU
|
| 105 |
|
|
|a y z 000ay
|
| 200 |
1 |
|
|a Дежурный по звездам
|e роман
|f В. И. Степаненко
|
| 210 |
|
|
|a Москва
|c Воениздат
|d 1985
|
| 215 |
|
|
|a 271 с.
|d 21 см
|
| 610 |
1 |
|
|a Летчики в СССР
|
| 610 |
1 |
|
|a советская литература
|
| 610 |
1 |
|
|a романы
|
| 675 |
|
|
|a Р2
|z rus
|
| 700 |
|
1 |
|a Степаненко
|b В. И.
|g Владимир Иванович
|4 070
|
| 801 |
|
0 |
|a RU
|b RuMRKP
|c 19950704
|g psbo
|
| 801 |
|
1 |
|a RU
|b 63413507
|c 20081225
|g PSBO
|
| 801 |
|
2 |
|a RU
|b 63413507
|c 20081225
|g PSBO
|
| 942 |
|
|
|c BK
|